00000000nas 2200000zi 4500
0019.891604
003CaOODSP
00520251127100604
006m     o  d f      
007cr cn|||||||||
008200918c20199999oncar p o    f0###b0fre|d
040 |aCaOODSP|bfre|erda|cCaOODSP
043 |an-cn---
0861 |aIu1-28F-PDF
24500|aPolitique des RIT, rapport annuel de ... : |banalyse des retrombées sur l'économie et l'innovation.
24613|aPolitique des retombées industrielles et technologiques, rapport annuel ... : |banalyse des retombées sur l'économie et l'innovation.
2463 |iLes livraisons de 2024- comportent le titre : |aRapport annuel sur la politique des RIT : |banalyse des retombées économiques ...
264 1|a[Ottawa] : |bInnovation, Science and Economic Development Canada = Innovation, Sciences et Développement économique Canada, |c[2019]-
310 |aAnnuel
336 |atexte|btxt|2rdacontent/fre
337 |ainformatique|bc|2rdamedia/fre
338 |aressource en ligne|bcr|2rdacarrier/fre
3621 |a[2019]-
500 |aPublié aussi en anglais sous le titre : ITB policy … annual report : economic and innovation impact analysis.
5202 |a«La Politique des retombées industrielles et technologiques (RIT) tire parti des principaux marchés publics de la défense et de la Garde côtière pour créer des emplois, stimuler l’innovation et favoriser la croissance économique au Canada.»--https://www.ic.gc.ca/eic/site/086.nsf/fra/h_00193.html (consulté 2020-09-18).
588 |aDescription d'après: 2019.
588 |aDernière parution consultée: 2020.
650 6|aContrats de la défense|xAspect économique|zCanada|vPériodiques.
650 6|aInnovations|xPolitique gouvernementale|vCanada|zPériodiques.
651 6|aCanada.
655 7|aPériodiques|2rvmgf
7101 |aCanada. |bInnovation, sciences et développement économique Canada, |eorganisme de publication.
77508|tITB policy … annual report : |w(CaOODSP)9.891595